000 00413 a2200109 4500
001 ART_22264
005 20260410161851.0
008 260409a
245 1 0 _aLa necesidad de revisión del monto de la pena durante su ejecución
100 1 _aCarrozza, María Soledad
773 0 _tDerecho Penal
_gDeterminación judicial de la pena. Ejecución de la pena - Año II, Nº 6 (dic. 2013)
_wREV10351
999 _c25034
_d25034